Clubs de Ligue 1, Ligue 2 et National (2021-2022) - Statistiques

Statistiques générales
  • Ce quiz a été pris 216 fois
  • Le résultat moyen est 33 sur 58
Statistiques - réponses
% Correct
Ligue 1 Paris Saint-Germain
98%
Ligue 1 Olympique Lyonnais
96%
Ligue 1 Olympique de Marseille
95%
Ligue 1 Stade Rennais FC
91%
Ligue 1 LOSC Lille
90%
Ligue 1 RC Lens
88%
Ligue 1 AS Monaco
85%
Ligue 1 FC Nantes
85%
Ligue 1 Girondins de Bordeaux
85%
Ligue 1 RC Strasbourg Alsace
85%
Ligue 1 OGC Nice
84%
Ligue 2 Paris FC
84%
Ligue 1 AS Saint-Étienne
82%
Ligue 1 Montpellier MHSC
82%
Ligue 1 Stade Brestois 29
82%
Ligue 1 Angers SCO
81%
Ligue 1 FC Metz
78%
Ligue 1 FC Lorient
77%
Ligue 1 ESTAC Troyes
75%
Ligue 1 Clermont Foot 63
72%
Ligue 1 Stade de Reims
72%
Ligue 2 AC Ajaccio
66%
National FC Bastia-Borgo
66%
Ligue 2 Amiens SC
64%
Ligue 2 Nîmes Olympique
61%
Ligue 2 SC Bastia
61%
Ligue 2 AJ Auxerre
60%
Ligue 2 FC Sochaux-Montbéliard
59%
Ligue 2 AS Nancy Lorraine
58%
National Red Star FC
54%
Ligue 2 Le Havre AC
53%
Ligue 2 SM Caen
52%
Ligue 2 Pau FC
50%
Ligue 2 Valenciennes FC
49%
Ligue 2 USL Dunkerque
48%
Ligue 2 EA Guingamp
45%
National Le Mans FC
45%
Ligue 2 Toulouse FC
45%
Ligue 2 US Quevilly-Rouen
45%
National Stade Lavallois
41%
National US Orléans
41%
National FC Annecy
39%
Ligue 2 Rodez AF
39%
Ligue 2 Chamois Niortais
38%
Ligue 2 Grenoble Foot 38
38%
National CS Sedan-Ardennes
29%
National US Concarneau
29%
National Stade Briochin
28%
National FC Villefranche Beaujolais
27%
National LB Châteauroux
27%
National US Créteil
25%
National FC Chambly Oise
23%
National FC Sète 34
21%
Ligue 2 Dijon FCO
18%
National US Avranches
18%
National SO Cholet
17%
National Bourg-en-Bresse 01
14%
National US Boulogne-sur-Mer
9%
Aucun quiz correspondant
Distribution des résultats
% des personnes avec chaque résultat
Percentile par nombre de réponses
Votre historique - résultats
Vous n’avez pas pris ce quiz